000 00883nam a22002177a 4500
001 1852723
003 AM-YEHGA
005 20250617164540.0
008 220728s2021 tu ||||| |||| 00| 0 arm d
020 _a9789754621426
040 _aAM-YeHGA
041 1 _aarm
245 0 0 _aՔրիստոնէութեան հիմնական սկզբունքները /
_bԹարգմ.՝ Յարութիւն աբղ. Տամատեան, Գրիգոր Աւ. քհնյ. Տամատեան; Թուրքիոյ եկեղեցիներու հասարակաց յանձնախումբ
260 _aIstanbul :
_bՍուրբ Գրոց ընկ.,
_c2021
300 _a119 էջ
650 1 4 _aՔրիստոնեություն
700 1 _aՏամատեան, Յարութիւն աբղ.
_eթարգմ.
_4trl
700 1 _aՏամատեան, Գրիգոր Աւ. քհնյ.
_eթարգմ.
_4trl
942 _2udc
_cBK
090 _c563141
999 _c525793
_d525793